[Event "Fortaleza Gadelha Memorial"]
[Site "Fortaleza"]
[Date "2019.08.18"]
[Round "7"]
[White "Da Silva, Samuel Ramon"]
[Black "Nunes, Moezio Correia"]
[Result "0-1"]
[WhiteElo "1546"]
[BlackElo "1763"]
[PlyCount "62"]
[EventDate "2019.08.15"]
[EventType "swiss"]
[EventRounds "7"]
[EventCountry "BRA"]
[SourceTitle "CBM 191 Extra"]
[Source "ChessBase"]
[SourceDate "2019.09.30"]
[SourceVersion "1"]
[SourceVersionDate "2019.09.30"]
[SourceQuality "1"]

1. e4 d6 2. Nf3 Nf6 3. Nc3 g6 4. d4 Bg7 5. Bc4 c6 6. Qe2 0-0 7. 0-0 Qc7 8. h3 e5 9. d5 b5 10. Bb3 b4 11. Nd1 cxd5 12. Bxd5 Nxd5 13. exd5 Ba6 14. Qe4 Bxf1 15. Kxf1 Nd7 16. Be3 Nc5 17. Qxb4 Rab8 18. Qh4 Qd8 19. Qxd8 Rfxd8 20. Nd2 f5 21. Nb3 Nxb3 22. axb3 f4 23. Bd2 Rb7 24. Nc3 h6 25. Ne4 g5 26. Ra6 Bf8 27. b4 Kf7 28. c4 Rdd7 29. c5 dxc5 30. Rxh6 Bxh6 31. Nxc5 Rxd5 0-1

[Event "Fortaleza Gadelha Memorial"]
[Site "Fortaleza"]
[Date "2019.08.17"]
[Round "4"]
[White "Barreto, Paulo Robson Rodrig"]
[Black "Da Silva, Samuel Ramon"]
[Result "1-0"]
[WhiteElo "1556"]
[BlackElo "1546"]
[PlyCount "57"]
[EventDate "2019.08.15"]
[EventType "swiss"]
[EventRounds "7"]
[EventCountry "BRA"]
[SourceTitle "CBM 191 Extra"]
[Source "ChessBase"]
[SourceDate "2019.09.30"]
[SourceVersion "1"]
[SourceVersionDate "2019.09.30"]
[SourceQuality "1"]

1. d4 d5 2. c4 Bf5 3. Nc3 e6 4. Qb3 dxc4 5. Qxc4 Nf6 6. Nf3 Nc6 7. Bg5 Be7 8. e3 a6 9. a3 0-0 10. Be2 Rb8 11. 0-0 h6 12. Bxf6 Bxf6 13. e4 Bg6 14. Rfd1 Na5 15. Qa4 c6 16. b4 b5 17. Qxa5 Qc8 18. Nxb5 axb5 19. Qa7 Bxe4 20. Qc5 Rd8 21. Ne5 Bxe5 22. Qxe5 Bd5 23. Rac1 Qb7 24. Rc3 Qe7 25. Rg3 f6 26. Qe3 Kf8 27. Bh5 f5 28. Qe5 Rd7 29. Qxb8+ 1-0

[Event "Fortaleza Gadelha Memorial"]
[Site "Fortaleza"]
[Date "2019.08.16"]
[Round "2"]
[White "Da Silva, Samuel Ramon"]
[Black "Ferreira Filho, Joao Bosco Filgue"]
[Result "0-1"]
[WhiteElo "1546"]
[BlackElo "1773"]
[PlyCount "74"]
[EventDate "2019.08.15"]
[EventType "swiss"]
[EventRounds "7"]
[EventCountry "BRA"]
[SourceTitle "CBM 191 Extra"]
[Source "ChessBase"]
[SourceDate "2019.09.30"]
[SourceVersion "1"]
[SourceVersionDate "2019.09.30"]
[SourceQuality "1"]

1. e4 c5 2. Nf3 e6 3. d4 cxd4 4. Nxd4 Nf6 5. Nc3 d6 6. Be2 Be7 7. 0-0 0-0 8. Kh1 a6 9. f4 b5 10. Bd3 Bb7 11. Qe2 Nbd7 12. e5 Ne8 13. f5 Nxe5 14. fxe6 Nxd3 15. exf7+ Rxf7 16. Rxf7 Kxf7 17. Qe6+ Kf8 18. Qf5+ Kg8 19. cxd3 Bf6 20. Qe6+ Kh8 21. Nf3 Nc7 22. Qg4 Rc8 23. Bg5 Bxf3 24. gxf3 Bxg5 25. Rg1 Bh6 26. Ne4 Rb8 27. Qg3 Ne8 28. Re1 Rc8 29. Nc3 Nf6 30. Re6 d5 31. Rd6 Qe8 32. Qh4 Be3 33. Rxf6 gxf6 34. Qxf6+ Kg8 35. Nxd5 Rc1+ 36. Kg2 Rg1+ 37. Kh3 Qh5+ 0-1

[Event "Fortaleza Schoonenborch U1900 6th"]
[Site "Fortaleza"]
[Date "2019.03.10"]
[Round "6.10"]
[White "Da Silva, Samuel Ramon"]
[Black "Monteiro, Jose Q Montenegro"]
[Result "0-1"]
[WhiteElo "1563"]
[BlackElo "1816"]
[PlyCount "64"]
[EventDate "2019.03.07"]
[EventType "swiss"]
[EventRounds "6"]
[EventCountry "BRA"]
[SourceTitle "EXT 2022"]
[Source "ChessBase"]
[SourceDate "2021.10.06"]
[SourceVersion "1"]
[SourceVersionDate "2021.10.06"]
[SourceQuality "1"]

1. e4 c5 2. Nf3 e6 3. Bc4 a6 4. a4 Nc6 5. c3 Nf6 6. e5 Ng8 7. d4 d5 8. Bb3 Qb6 9. Be3 c4 10. Bxc4 dxc4 11. d5 Qxb2 12. dxc6 Qxa1 13. c7 Bd7 14. 0-0 Ne7 15. Qd4 Qxa4 16. Nbd2 Nf5 17. Qxc4 Qxc4 18. Nxc4 Bb5 19. Nb6 Bxf1 20. Nxa8 Kd7 21. Bb6 Bc5 22. Bxc5 Rxa8 23. Kxf1 Kxc7 24. Ng5 Kc6 25. Ba3 Nh6 26. Nxh7 Kd5 27. f4 Rc8 28. Bf8 Rxc3 29. Bxg7 Nf5 30. Bf6 a5 31. Ng5 a4 32. g4 Ne3+ 0-1